| 000 | 00474nam a2200181Ia 4500 | ||
|---|---|---|---|
| 008 | 230711s9999||||xx |||||||||||||| ||und|| | ||
| 020 | _a978-0-19-969510-2 | ||
| 041 | _aENG | ||
| 082 |
_a720.3 _bJO-T |
||
| 100 | _aMurray,Peter | ||
| 245 | 4 | _aThe oxford dictionary of christian art and Architecture | |
| 250 | _a2nd Ed. | ||
| 260 |
_c2017 _aUnited Kingdom _bOxford University Press |
||
| 300 | _a654p. | ||
| 650 | _aArchitecture | ||
| 700 | _aMurray,Linda | ||
| 942 | _cBK | ||
| 999 |
_c6067 _d6067 |
||